Mạng máy tính Giáo trình cao đẳng sư phạm

Giới thiệu các khái niệm cơ bản về mạng máy tính, các thành phần cơ bản của mạng, một số mô hình, các giao thức, quản trị mạng và tóm tắt về cách sử dụng hệ điều hành Windows 2000 Server trong quản trị mạng

Guardat en:
Dades bibliogràfiques
Autor principal: Nguyễn Vũ Quốc Hưng (Chủ biên)
Altres autors: Nguyễn Thế Lộc
Format: Llibre
Idioma:Vietnamese
Publicat: H. Đại học sư phạm 2008
Matèries:
Etiquetes: Afegir etiqueta
Sense etiquetes, Sigues el primer a etiquetar aquest registre!
Thư viện lưu trữ: Mạng thư viện Đại học Đà Nẵng
LEADER 01617nam a2200397 4500
001 000023082
003 19531
005 20150529150504.0
008 150527s2008 viesd
020 |c 37000 
041 0 |a vie 
082 0 0 |a 004.67  |b NG-H 
100 1 |a Nguyễn Vũ Quốc Hưng  |e Chủ biên 
245 1 0 |a Mạng máy tính  |b Giáo trình cao đẳng sư phạm  |c Nguyễn Vũ Quốc Hưng 
260 |a H.  |b Đại học sư phạm  |c 2008 
300 |a 226 tr.  |b Hình vẽ  |c 24 cm. 
500 |a Đầu bìa sách ghi: Bộ Giáo dục và Đào tạo. Dự án Đào tạo Giáo viên THCS 
504 |a Thư mục đầu sách 
520 3 |a Giới thiệu các khái niệm cơ bản về mạng máy tính, các thành phần cơ bản của mạng, một số mô hình, các giao thức, quản trị mạng và tóm tắt về cách sử dụng hệ điều hành Windows 2000 Server trong quản trị mạng 
650 0 4 |a Mạng máy tính 
653 |a Tin học 
653 |a Mạng máy tính 
653 |a Mạng quốc tế 
653 |a Internet 
700 |a Nguyễn Vũ Quốc Hưng 
700 |a Nguyễn Thế Lộc 
OWN |a LSP 
AVA |a UDN50  |b LSP  |d 004.67 NG-H  |e check_holdings  |t Error 5003 Not defined in file expand_doc_bib_avail.  |h N  |k 1 
999 |a From the UDN01 
AVA |a UDN50  |b LSP  |d 004.67 NG-H  |e available  |t Error 5001 Not defined in file expand_doc_bib_avail.  |f 30  |g 4  |h N  |i 12  |k 1 
TYP |a Monograph 
TYP |a Printed language 
980 |a Mạng thư viện Đại học Đà Nẵng